000
00226nam a2200121Ia 4500
100
_a
#N/A
942
_c
BK
245
_a
Cambridge Professioal English
260
_b
#N/A
082
_b
21627
546
_a
ENGLISH
999
_c
26799
_d
26799